| Поле | Инд. | ПП | Название | Значение |
|---|---|---|---|---|
| Тип записи | a | |||
| Библиографический уровень | a | |||
| 001 | Контрольный номер | acd9f1c93ebe4371a4d07ca36aef62d7 | ||
| 005 | Дата корректировки | 20181120134552.7 | ||
| 100 | a | Данные общей обработки | 20180920 ||| 0rusy0189 ca | |
| 101 | 0_ | a | Язык текста | rus |
| 102 | a | Страна публикации | RU | |
| 200 | 1_ | f | Первые сведения об ответственности | Э.Г. Липатов, С.Е. Чаннов |
| a | Заглавие | Конституционно-правовое регулирование разграничение полномочий в Российской Федерации как способ реализации распределительной политики | ||
| b | Общее обозначение материала | Текст | ||
| 210 | d | Дата издания | 2018 | |
| 461 | _0 | 1 | 2000 | |
| a | Государственная власть и местное самоуправление | |||
| 463 | _0 | 1 | 2000 | |
| a | №7 | |||
| v | С. 22-27 | |||
| 1 | 2101 | |||
| d | 2018 | |||
| 1 | 001d6dd75c45572427f9df1d35f568be3c9 | |||
| 606 | a | Основная рубрика | Конституционное (государственное) право | |
| 610 | 0_ | a | Ключевые слова | ФЕДЕРАЛИЗМ |
| a | Ключевые слова | КОНСТИТУЦИОННАЯ ЭКОНОМИКА | ||
| 700 | _1 | a | Фамилия | Липатов |
| b | Имя | Э.Г. | ||
| 701 | _1 | a | Фамилия | Чаннов |
| b | Имя | С.Е. | ||
| 801 | _0 | a | Страна | RU |
| b | Организация | РГУП | ||
| c | Дата составления | 20180920 | ||
| g | Правила каталогизации | PSBO | ||
| 801 | _1 | a | Страна | RU |
| b | Организация | РГУП | ||
| c | Дата составления | 20180920 | ||
| g | Правила каталогизации | PSBO | ||
| 901 | t | Тип документа | b | |
| w | Контрольный № источника | d6dd75c45572427f9df1d35f568be3c9 | ||
| 905 | a | Дата ввода | 20180920 |